000 00710nam a2200205Ia 4500
003 GCL
008 140319s9999 xx 000 0 ara d
040 _aGCL /
_cGCL
082 0 4 _aم
_b413.2
_bف م
100 1 _aفير، هانز
245 1 0 _aمعجم اللغة العربية المعاصرة :
_bعربى - انجليزى /
_cفير، هانز
700 1 _aكوان، ج . ميلتون
260 _aبيروت :
_bمكتبة لبنان ،
_c1974
300 _a1110 ص ؛
_c24 سم
490 _aشكاوى المصرى الفصيح
_v0
650 0 4 _aاللغة الانجليزية - معاجم
650 0 4 _aمعجم
650 0 4 _aاللغة العربية - المعاجم
942 _2ddc
_cREF
999 _c59580
_d59580